Estudio cladístico en la familia Iguanidae (<Sauria-Reptilia>) con base en la musculatura del miembro posterior (Registro nro. 14157)

Detalles MARC
000 -CABECERA
Campo de control 004230000a22001090004500
090 ## - CLASIFICACIÓN LOCAL
Colección AS
Consecutivo Seriadas
041 0# - IDIOMA
Código de idioma para texto/pista de sonido o título separado
100 1# - ASIENTO PRINCIPAL--NOMBRE PERSONAL
Nombre personal Hoyos, Julio Mario
245 10 - MENCION DE TITULO
Título Estudio cladístico en la familia Iguanidae (<Sauria-Reptilia>) con base en la musculatura del miembro posterior
773 1# - Item fuente:
Título Revista de la Academia Colombiana de Ciencias Exactas, Fisicas y Naturales
Especificación de materiales 32
Descripción física 66
Paginas del Articulo 543-558
Lugar, editorial y fecha de publicación 1990
Información sobre la relación 17
942 ## - ELEMENTOS ADICIONALES (KOHA)
Tipo de ítem Artículo

No hay ítems disponibles.